Spain All-Time Greatest XI - Statistics

General Stats
  • This quiz has been taken 323 times
  • The average score is 7 of 11
Answer Stats
Answer % Correct
Andrés Iniesta
98%
Iker Casillas
98%
Xavi
98%
Carles Puyol
92%
David Villa
88%
Raúl
86%
Fernando Hierro
70%
Francisco Gento
38%
Luis Suárez
33%
José Antonio Camacho
19%
Joan Segarra
6%
No matching quizzes found
Score Distribution
Percent of People with Each Score
Percentile by Number Answered
Your Score History
You have not taken this quiz